000 01260nam a2200205Ia 4500
003 Ost
005 20260507075742.0
008 260507s9999||||xx |||||||||||||| ||und||
040 _cfsecg
041 _aara
082 _a330
100 _aابراهيم، نعمة الله نجيب
_eمؤلف
245 0 _aمقدمة في مبادئ الإقتصاد القياسي /
_c نعمة الله نجيب ابراهيم
260 _aالإسكندرية:
_bمؤسسة شباب الجامعة,
_c2002
300 _a358 صفحة؛
_bإيضاحات ؛
_c24 سم
520 _aماهية الإقتصاد القياسي- بعض المفاهيم الإحصائية الأساسية- الإرتباط والإنحدار الخطي البسيط- إختبار معناوية معلمات خط الإنحدار المقدرة- خصائص مقدرات المربعات الصغرى- الإنحدار المتعدد وامتددات نموذج الإنحدار الخطي البسيط- الإنحدار وتحليل التباين- نماذج المعادلات الأتية وتحليل الإنحدار القياسي للطلب
653 _aالإحصاء - المعاملات الإرتباطية
653 _aالإقتصاد القياسي
942 _cكتاب
999 _c46149
_d46149